Country flags that have the color purple - Statistics

General Stats
  • This quiz has been taken 19 times
  • The average score is 3 of 5
Answer Stats
Answer % Correct
Dominica
79%
Spain
79%
Nicaragua
71%
El Salvador
43%
Mexico
43%
No matching quizzes found
Score Distribution
Percent of People with Each Score
Percentile by Number Answered
Your Score History
You have not taken this quiz